000 00205nam a22000977a 4500
999 _c259142
_d259141
020 _a9780470317549
245 _aAccounting principles
250 _a9th ed
260 _aNew York
_bWiley
_c2009
942 _cBK